[Event "Mumbai Wealth U13 op 5th"]
[Site "Mumbai"]
[Date "2020.01.06"]
[Round "8"]
[White "Mota, Khant"]
[Black "Apoorv, Kamble"]
[Result "0-1"]
[WhiteElo "1120"]
[BlackElo "1614"]
[PlyCount "132"]
[EventDate "2019.12.30"]
[EventType "swiss"]
[EventRounds "9"]
[EventCountry "IND"]
[SourceTitle "CBM 194 Extra"]
[Source "ChessBase"]
[SourceDate "2020.03.31"]
[SourceVersion "1"]
[SourceVersionDate "2020.03.31"]
[SourceQuality "1"]

1. e4 c6 2. d4 d5 3. exd5 cxd5 4. c4 Nf6 5. Nc3 Nc6 6. Bg5 Be6 7. Nf3 Ne4 8. cxd5 Bxd5 9. Nxe4 Bxe4 10. Be2 g6 11. 0-0 Bg7 12. Bb5 Qd5 13. Bxc6+ bxc6 14. Re1 Bxf3 15. Qxf3 Qxf3 16. gxf3 e6 17. Rad1 Rb8 18. b3 Rb5 19. Be3 Rd5 20. Rc1 Kd7 21. Rc4 Rc8 22. Rec1 Bf8 23. Ra4 a5 24. Bd2 e5 25. Bc3 exd4 26. Bxd4 Bd6 27. Bb6 Rg5+ 28. Kf1 Ra8 29. Rd4 Rb8 30. Bc5 Rd5 31. Bxd6 Rxd6 32. Ra4 Rb5 33. Rcc4 Kc7 34. Re4 Rf6 35. Ke2 Kb6 36. Rf4 Rff5 37. Rae4 Rbc5 38. Kd2 Rcd5+ 39. Ke2 f6 40. a4 g5 41. Rxf5 Rxf5 42. Re7 Re5+ 43. Rxe5 fxe5 44. Kd3 Kc5 45. Kc3 h6 46. h3 h5 47. f4 exf4 48. f3 h4 49. Kd3 Kb4 50. Kd4 Kxb3 51. Kc5 Kxa4 52. Kxc6 Kb4 53. Kd5 a4 54. Ke5 a3 55. Kf5 a2 56. Kxg5 a1Q 57. Kxh4 Qg1 58. Kh5 Qg3 59. h4 Qxf3+ 60. Kh6 Qg4 61. h5 f3 62. Kh7 Qxh5+ 63. Kg7 f2 64. Kf6 f1Q+ 65. Ke6 Qff7+ 66. Kd6 Qc5# 0-1